[Event "EU-ch U08 27th"]
[Site "Mamaia"]
[Date "2017.09.11"]
[Round "6"]
[White "Giang, Tran Nam"]
[Black "Dimitrov, Dimitar Hr"]
[Result "1-0"]
[WhiteElo "1561"]
[BlackElo "1170"]
[PlyCount "63"]
[EventDate "2017.09.05"]
[EventType "swiss"]
[EventRounds "9"]
[EventCountry "ROU"]
[SourceTitle "CBM 180 Extra"]
[Source "ChessBase"]
[SourceDate "2017.10.06"]
[SourceVersion "1"]
[SourceVersionDate "2017.10.06"]
[SourceQuality "1"]

1. e4 d5 2. exd5 Qxd5 3. Nc3 Qa5 4. d4 c6 5. Bc4 Nf6 6. Nf3 Bg4 7. h3 Bh5 8. Qe2 e6 9. g4 Bg6 10. Ne5 Bb4 11. Bd2 Nbd7 12. h4 Bxc2 13. Nxf7 e5 14. Nxh8 0-0-0 15. g5 Nd5 16. Bxd5 cxd5 17. Rc1 exd4 18. Rxc2 dxc3 19. Bxc3 Kb8 20. Nf7 Bxc3+ 21. bxc3 Rc8 22. 0-0 h6 23. Rb1 Nb6 24. Nd6 Rc7 25. Qe8+ Nc8 26. Rxb7+ Ka8 27. Rxc7 Qxc7 28. Qxc8+ Qxc8 29. Nxc8 Kb7 30. gxh6 gxh6 31. Nd6+ Kc6 32. Nf5 1-0